000 01598nam a22002657a 4500
005 2008121200120.0
008 081212t xxu||||| |||| 00| 0 hin d
010 _aHIN-90359
020 _a8128818783
_c125.00
035 _aHN-62705
037 _bDBAD / PUB
040 _aDPL
_bHN
082 _a336.24
100 _aलखोटिया, आर.एन
_918532
245 _aइनकम टैक्स बचाने के अचूक मंत्र /
_cआर.एन.लखोटिया एवं सुभाष लखोटिया
260 _aनई दिल्ली
_bडायमंड पॉकेट बुक्स
_c2010
270 _ax-30, ओखला इंडस्ट्रियल एरिया, फेज-11
_bनई दिल्ली
_cदिल्ली
_e110020
_k011 41611861
_l011 41611866
_msales@dpb.in
300 _a246पृ.
_c22सेमी (अजिल्द)
490 _v
_918533
700 _aलखोटिया,सुभाष
_918534
942 _adpl
_cHN
_k
_2ddc
_h336.24
_mलखोटि
999 _c43936
_d43936